000 00442nam a2200157Ia 4500
005 20241220032033.0
008 240331s9999 xx 000 0 und d
082 _bSHA
_25670
_a305
245 0 _aProceedings of the International Seminar and Workshop on Gender Issues in Ibsen's Plays
260 _aDhaka
_bCentre for Asian Theatre
_c1997
300 _a264 p.,
650 _aGender
650 _aFemale
700 _aAhmed, S
_eedt
942 _cL
999 _c1448
_d1448